[Event "Eurasia Cup op"]
[Site "Ekaterinburg"]
[Date "2019.08.07"]
[Round "7"]
[White "Goncharov, Konstantin V"]
[Black "Unzhakov, Vladislav"]
[Result "0-1"]
[WhiteElo "1000"]
[BlackElo "1748"]
[PlyCount "42"]
[EventDate "2019.07.31"]
[EventType "swiss"]
[EventRounds "9"]
[EventCountry "RUS"]
[SourceTitle "CBM 191 Extra"]
[Source "ChessBase"]
[SourceDate "2019.09.30"]
[SourceVersion "1"]
[SourceVersionDate "2019.09.30"]
[SourceQuality "1"]

1. e4 c5 2. c3 Nf6 3. e5 Nd5 4. d4 cxd4 5. cxd4 d6 6. Nf3 e6 7. Nc3 dxe5 8. Nxd5 Qxd5 9. Nxe5 Bb4+ 10. Bd2 Qxd4 11. Bxb4 Qxb4+ 12. Qd2 Qe4+ 13. Qe2 Qb4+ 14. Qd2 Qxd2+ 15. Kxd2 Nd7 16. Bb5 Ke7 17. Rhe1 Nxe5 18. Rxe5 Bd7 19. Rc1 Kd6 20. Rec5 b6 21. Rg5 h6 0-1

[Event "Eurasia Cup op"]
[Site "Ekaterinburg"]
[Date "2019.08.02"]
[Round "3"]
[White "Zhukov, Ivan"]
[Black "Goncharov, Konstantin V"]
[Result "1-0"]
[WhiteElo "2111"]
[BlackElo "1000"]
[PlyCount "51"]
[EventDate "2019.07.31"]
[EventType "swiss"]
[EventRounds "9"]
[EventCountry "RUS"]
[SourceTitle "CBM 191 Extra"]
[Source "ChessBase"]
[SourceDate "2019.09.30"]
[SourceVersion "1"]
[SourceVersionDate "2019.09.30"]
[SourceQuality "1"]

1. e4 c5 2. Nf3 e6 3. d4 cxd4 4. Nxd4 Bc5 5. Be3 Qb6 6. Nc3 Nc6 7. Na4 Qa5+ 8. c3 Bxd4 9. Bxd4 Nxd4 10. Qxd4 Nf6 11. Nc5 b6 12. Nb3 Qg5 13. g3 Bb7 14. Bg2 Qg4 15. 0-0 0-0 16. Rad1 d5 17. f3 Qg6 18. e5 Nd7 19. f4 f5 20. c4 Ba6 21. cxd5 Bxf1 22. Kxf1 Rfd8 23. dxe6 Nf6 24. Qxd8+ Rxd8 25. Rxd8+ Ne8 26. Bc6 1-0